| 000 | 00917nam a2200253 a 4500 | ||
|---|---|---|---|
| 001 | 000007977 | ||
| 005 | 20200929154357.0 | ||
| 008 | 090914s1994 dr ac 000 p spa d | ||
| 040 |
_aDO-SdBNP _bspa _cBNPHU |
||
| 082 |
_aCh868.4 _bN454T, 1994 |
||
| 100 | 1 |
_aTejeda, Francisco Javier, _d1952- _921817 |
|
| 245 | 1 | 3 |
_aLo mejor de Pablo Neruda : _bconfesiones, fotos y poemas / _cFrancisco Javier Tejada. |
| 250 | _a2a. ed. | ||
| 260 |
_aSanto Domingo : _bPublicaciones Américas, _c1994. |
||
| 300 |
_a210 p. : _bil., retrs. |
||
| 500 | _aIncluye datos biográficos del autor en la contracubierta. | ||
| 504 | _aBibliografía: p. 205-208 | ||
| 590 | _aInventariado, 2019/MFF | ||
| 600 | 1 | 4 |
_aNERUDA, PABLO, _d1904-1973 _xCRÍTICA E INTERPRETACIÓN _911284 |
| 650 | 4 |
_aPoesía chilena _99166 |
|
| 650 | 4 |
_aLiteratura chilena _93164 |
|
| 651 | 4 |
_aChile _vBIOGRAFÍAS _921818 |
|
| 910 | _aValidado. Control de calidad MFF | ||
| 999 |
_c7754 _d7754 |
||